000 00687nam a2200241Ia 4500
003 OSt
005 20220918174514.0
006 a|||||r|||| 00| 0
007 ta
008 220917b |||||||| |||| 00| 0 eng d
024 _a12,570
037 _cTextual
040 _aARTS
_cARTS
_beng
041 _2eng
_aeng
082 _aMY92:P:B28, H9
100 _aLasswell Harold D
_950368
245 0 _aLanguage of politics
_b Studies in quantitative sepmantics
260 _c1949
490 _aLibrary of policy sciences ed by Harold D Lasswell etc,; 1
650 _aINDUSTRIAL ARTS
942 _hMY92:P:B28, H9
_cTEXL
_2CC
999 _c153453
_d153453